00446 a2200169 450000100060000002000220000604000240002810000170005224000190006924500140008830000090010236200090011165000310012094200070015195201010015899900170025947560 a978-85-262-9848-4 cAnchieta - Aquarius aRios, Rosana10aO monstrolpor10aO monstro a32p.0 a2015 4aLiteratura infanto-juvenil cBK 00104070a87.1b87.1d2023-11-21l0o028.5 MONp6324/AQUr2023-11-21 15:14:26w2023-11-21yBK c47560d47560